Statistics for Who is it - Rock Singers 2

Click here to take the quiz!

General Stats

  • This quiz has been taken 56 times
  • The average score is 10 of 23

Answer Stats

QuestionAnswer% Correct
The Doors
85%
Simon & Garfunkel
73%
Def Leppard
69%
Limp Bizkit
63%
Van Halen
62%
Florence and the Machine
54%
Radiohead
50%
The Black Keys
48%
Status Quo
46%
Midnight Oil
44%
Uriah Heep
42%
Bad Religion
40%
Siouxsie and the Banshees
40%
Primus
38%
Dropkick Murphys
35%
HIM
33%
Tool
33%
Within Temptation
31%
Kansas
31%
The Zombies
27%
Manic Street Preachers
25%
Emerson, Lake & Palmer
19%
The Stone Roses
13%

Score Distribution

Percentile by Number Answered

Percent of People with Each Score

Your Score History

You have not taken this quiz